000 00500nam a22001937a 4500
999 _c5531
_d5531
003 GBCCL
005 20241126110544.0
008 180326b ||||| |||| 00| 0 eng d
020 _a0862011140
040 _cgbc
082 _a220.7
_bBIB
100 _aSouthwell, P.
_99977
245 _aEzra - Job /
_cP. Southwell
260 _bScripture Union,
_aLondon:
_c1982
300 _a81 p.;
_bill.,
_c21 cm.
440 _aBible Study Commentary
_97334
650 _aBible
_vEzra
_xJob
_99978
942 _2ddc
_cBK